000 00498nam a2200181Ia 4500
005 20250508160055.0
008 008 250505s9999 xx 000 0 hin d
037 _aReference
040 _aFEDL
_beng
_cFEDL
041 _ahin
_2hin
084 _a491.23947, PAT
_qFEDL
100 _aPatel Gopaldas Jeevabhai
_9767904
245 0 _aVeenet kosh
260 _aAhmedabad, India
_bGujrat Vidyapith
300 _a711p.
942 _cREF
_h491.23947, PAT
999 _c1361514
_d1361514